000 00532nam a2200181Ia 4500
008 220216s9999 xx 000 0 und d
100 _aWonkam D
245 0 _aEffect of epoxidised liquid natural rubber on nitrile/butadiene rubber based mixes
260 _bPlastics, Rubber and Composites
_c2000
300 _a420-426
650 _aEpoxidised liquid natural rubber
650 _aNitrile/budiene rubber
700 _ade Livonniere H
700 _aEhabe E
700 _aNgolemasango F
700 _aNkouonkam B
942 _cJS
999 _c57821
_d57821